Peel's principles and their acceptance by American police: ending 175 years of reinvention (Record no. 57306)

000 -LEADER
fixed length control field 00372pab a2200133 454500
008 - FIXED-LENGTH DATA ELEMENTS--GENERAL INFORMATION
fixed length control field 180718b2003 xxu||||| |||| 00| 0 eng d
100 ## - MAIN ENTRY--PERSONAL NAME
Personal name Williams, Keith L.
245 ## - TITLE STATEMENT
Title Peel's principles and their acceptance by American police: ending 175 years of reinvention
260 ## - PUBLICATION, DISTRIBUTION, ETC.
Date of publication, distribution, etc. 2003
300 ## - PHYSICAL DESCRIPTION
Extent p.97-120.
650 ## - SUBJECT ADDED ENTRY--TOPICAL TERM
Topical term or geographic name entry element Police
773 ## - HOST ITEM ENTRY
Main entry heading Police Journal
909 ## -
-- 57306
Holdings
Withdrawn status Lost status Damaged status Not for loan Permanent Location Current Location Date acquired Serial Enumeration / chronology Barcode Date last seen Price effective from Koha item type
        Indian Institute of Public Administration Indian Institute of Public Administration 2018-07-19 Volume no: 76, Issue no: 2 AR57751 2018-07-19 2018-07-19 Articles

Powered by Koha